ბათუმის შოთა რუსთაველის სახელმწიფო უნივერსიტეტის ბიბლიოთეკა

ჩანაწერი Corporate Name

ჩანაწერთა რაოდენობა, რომელიც გამოყენებულია: 1

001 - CONTROL NUMBER

  • control field: 26065

003 - CONTROL NUMBER IDENTIFIER

  • control field: GE_BSU

005 - DATE AND TIME OF LATEST TRANSACTION

  • control field: 20251017211836.0

008 - FIXED-LENGTH DATA ELEMENTS

  • fixed length control field: 251017|| aca||aabn | a|a d

040 ## - CATALOGING SOURCE

  • Original cataloging agency: GE_BSU
  • Transcribing agency: GE_BSU

110 ## - HEADING--CORPORATE NAME

  • Corporate name or jurisdiction name as entry element: ბათუმის საზღვაო აკადემია
  • Subordinate unit: ბიზნესისა და მართვ. ფაკულტეტი

670 ## - SOURCE DATA FOUND

  • Source citation: Work cat.: (GE_BSU): წულაძე, იაგო 22025, საზღვაო გადაზიდვების საერთაშორისო და შიდასახელმწიფოებრივი სამართლებრივი რეგულირება :